Wildlife Ecology and Management (Record no. 3873)

MARC details
000 -LEADER
fixed length control field 00928pam a2200265 a 4500
001 - CONTROL NUMBER
control field 2052693
003 - CONTROL NUMBER IDENTIFIER
control field OSt
005 - DATE AND TIME OF LATEST TRANSACTION
control field 20240626104702.0
008 - FIXED-LENGTH DATA ELEMENTS--GENERAL INFORMATION
fixed length control field 931018s1994 mauab b 001 0 eng
010 ## - LIBRARY OF CONGRESS CONTROL NUMBER
LC control number 93041589
020 ## - INTERNATIONAL STANDARD BOOK NUMBER
International Standard Book Number 0865421447
040 ## - CATALOGING SOURCE
Original cataloging agency DLC
Transcribing agency DLC
Modifying agency DLC
050 00 - LIBRARY OF CONGRESS CALL NUMBER
Classification number SK355
Item number .C38 1994
082 00 - DEWEY DECIMAL CLASSIFICATION NUMBER
Classification number 639.9 CAU 1994
Edition number 20
100 1# - MAIN ENTRY--PERSONAL NAME
Personal name Caughley, Graeme; Sinclair, Anthony. R. E.
9 (RLIN) 8493
245 10 - TITLE STATEMENT
Title Wildlife Ecology and Management
260 ## - PUBLICATION, DISTRIBUTION, ETC. (IMPRINT)
Place of publication, distribution, etc. Boston :
Name of publisher, distributor, etc. Blackwell Scientific Publications,
Date of publication, distribution, etc. 1994.
300 ## - PHYSICAL DESCRIPTION
Extent x, 334 p. :
Other physical details ill., maps ;
Dimensions 26 cm.
504 ## - BIBLIOGRAPHY, ETC. NOTE
Bibliography, etc Includes bibliographical references (p. 305-324) and index.
650 #0 - SUBJECT ADDED ENTRY--TOPICAL TERM
Topical term or geographic name as entry element Wildlife management.
9 (RLIN) 8494
650 #0 - SUBJECT ADDED ENTRY--TOPICAL TERM
Topical term or geographic name as entry element Ecology.
9 (RLIN) 984
906 ## - LOCAL DATA ELEMENT F, LDF (RLIN)
a 7
b cbc
c orignew
d 1
e ocip
f 19
g y-gencatlg
942 ## - ADDED ENTRY ELEMENTS (KOHA)
Source of classification or shelving scheme Dewey Decimal Classification
Koha item type Short Loan
Holdings
Withdrawn status Lost status Source of classification or shelving scheme Damaged status Not for loan Home library Current library Date acquired Source of acquisition Inventory number Total Checkouts Full call number Barcode Date last seen Koha item type
    Dewey Decimal Classification     MUST Main Library MUST Main Library 05/05/2016 Purchase 00/14571   639.9 CAU 1994 2016-1575 05/05/2016 Open Shelf
    Dewey Decimal Classification     MUST Main Library MUST Main Library 26/06/2024 Purchase 02/17495   639.9 CAU 1994 2024-21375 26/06/2024 Open Shelf